San Francisco 49ers Trivia - Statistics

General Stats
  • This quiz has been taken 3,395 times
    1,136 since last reset
  • The average score is 15 of 20
Answer Stats
Hint Answer % Correct
Current starting QB who was the LAST pick in the 2022 draft, aka Mr. Irrelevant Brock Purdy
98%
Running back who led the NFL in rushing in 2023 Christian McCaffrey
96%
Current tight end who has recorded four 1000 yard seasons George Kittle
96%
Quarterback who had a perfect record in his four Super Bowl appearances, with 11 touchdowns with no interceptions Joe Montana
95%
Leading receiving in 49ers and NFL history Jerry Rice
94%
Head coach of the 49ers since 2017 Kyle Shanahan
91%
Position played by Kyle Juszczyk Fullback
90%
Quarterback who was NFL MVP in 1992 and 1994 Steve Young
88%
Defensive end who the 49ers chose with the second pick in the 2019 draft Nick Bosa
83%
Head coach who lost to his brother in Super Bowl XLVII Jim Harbaugh
77%
Their current home stadium Levi's Stadium
77%
Player who ruffled feathers by refusing to stand for the national anthem Colin Kaepernick
73%
Offensive system which that coach introduced {West} {Coast} Offense
64%
The 49ers all-time rushing leader Frank Gore
60%
The 49ers' home stadium from 1970–2014 Candlestick Park
56%
Team who the 49ers beat 55-10 in the biggest Super Bowl blowout of all-time Denver Broncos
53%
Feared defensive back who had the tip of his pinky amputated to avoid missing the start of the 1986 season Ronnie Lott
53%
Coach who led the 49ers to three Super Bowl victories in the 1980s Bill Walsh
49%
Player who caught "The Catch" to send the 49ers to Super Bowl XVI Dwight Clark
45%
The first player in NFL history to have 1,000 yards rushing and receiving in the same season (1985) Roger Craig
35%
No matching quizzes found
Score Distribution
Percent of People with Each Score
Percentile by Number Answered
Your Score History
You have not taken this quiz since the last reset